000 00247nam a2200097Ia 4500
001 1076489
005 20250827002257.0
008 250824s9999 xx 000 0 und d
245 0 _aSAVUNMA SANATLARI
_cFURKAN ÇALIŞKAN
260 _bKETEBE YAYINLARI
999 _c1076489
_d1076489